[Event "Muensterland Verbandsliga playoff 1-4"]
[Site "Germany"]
[Date "2023.03.25"]
[Round "1.6"]
[White "Hofene, Josef"]
[Black "Schmeing, Manfred"]
[Result "1-0"]
[WhiteElo "1746"]
[BlackElo "1703"]
[PlyCount "51"]
[EventDate "2022.03.25"]
[EventType "team-k.o."]
[EventRounds "2"]
[EventCountry "GER"]
[SourceTitle "EXT 2024"]
[Source "ChessBase"]
[SourceDate "2023.10.10"]
[SourceVersion "1"]
[SourceVersionDate "2023.10.10"]
[SourceQuality "1"]
[WhiteTeam "Beelen"]
[BlackTeam "Suedlohn II"]
[WhiteTeamCountry "GER"]
[BlackTeamCountry "GER"]

1. e4 g6 2. d4 Bg7 3. Nf3 c6 4. c4 d5 5. Nc3 Nf6 6. e5 Ne4 7. Bd3 Nxc3 8. bxc3 0-0 9. 0-0 h6 10. Be3 Bg4 11. h3 Be6 12. Nd2 Kh7 13. f4 Qd7 14. g4 f5 15. exf6 Rxf6 16. Rf2 Na6 17. c5 Rh8 18. Qc2 Bf8 19. Nf3 Kg7 20. Ne5 Qe8 21. Bxg6 Rxg6 22. f5 Bxf5 23. Rxf5 Rf6 24. Raf1 Nb8 25. g5 hxg5 26. Rxg5+ 1-0

[Event "Muensterland Verbandsklasse 1718"]
[Site "Germany"]
[Date "2018.04.28"]
[Round "9.6"]
[White "Schmeing, Manfred"]
[Black "Wensing, Herbert"]
[Result "1/2-1/2"]
[WhiteElo "1704"]
[BlackElo "1685"]
[PlyCount "47"]
[EventDate "2017.09.16"]
[EventType "team-tourn"]
[EventRounds "9"]
[EventCountry "GER"]
[SourceTitle "EXT 2019"]
[Source "ChessBase"]
[SourceDate "2018.10.10"]
[SourceVersion "1"]
[SourceVersionDate "2018.10.10"]
[SourceQuality "1"]
[WhiteTeam "Suedlohn II"]
[BlackTeam "Stadtlohn"]
[WhiteTeamCountry "GER"]
[BlackTeamCountry "GER"]

1. e4 e5 2. Nf3 Nf6 3. Nc3 Bc5 4. Bc4 Nc6 5. 0-0 0-0 6. d3 h6 7. Be3 Bb6 8. Nd5 d6 9. h3 Na5 10. Nxb6 axb6 11. Bb3 Nxb3 12. axb3 Rxa1 13. Qxa1 Re8 14. c4 c6 15. Qa7 Nd7 16. Qa3 Nf8 17. Qb4 c5 18. Qd2 f5 19. g3 fxe4 20. dxe4 Bxh3 21. Qd5+ Kh8 22. Ra1 Qf6 23. Nh2 Ng6 24. Qd1 1/2-1/2

[Event "Muensterland Verbandsklasse 1718"]
[Site "Germany"]
[Date "2018.01.27"]
[Round "5.7"]
[White "Schmeing, Manfred"]
[Black "Groemping, Franz Josef"]
[Result "0-1"]
[WhiteElo "1704"]
[BlackElo "1633"]
[PlyCount "47"]
[EventDate "2017.09.16"]
[EventType "team-tourn"]
[EventRounds "9"]
[EventCountry "GER"]
[SourceTitle "EXT 2019"]
[Source "ChessBase"]
[SourceDate "2018.10.10"]
[SourceVersion "1"]
[SourceVersionDate "2018.10.10"]
[SourceQuality "1"]
[WhiteTeam "Suedlohn II"]
[BlackTeam "Raesfeld Erle II"]
[WhiteTeamCountry "GER"]
[BlackTeamCountry "GER"]

1. e4 e6 2. d4 d5 3. e5 c5 4. c3 Nc6 5. f4 Qb6 6. Nf3 cxd4 7. cxd4 Nge7 8. Nc3 Nf5 9. Bb5 Bd7 10. Bxc6 bxc6 11. 0-0 c5 12. Na4 Qb4 13. Nxc5 Bxc5 14. dxc5 Qxc5+ 15. Kh1 0-0 16. Qd2 Rfc8 17. Rf2 Rc7 18. g4 Ne7 19. Nd4 Nc6 20. Nxc6 Bxc6 21. h3 d4+ 22. Kh2 Qd5 23. b3 Bb7 24. Qd3 0-1

[Event "Muensterland Verbandsliga 1617"]
[Site "Germany"]
[Date "2017.03.18"]
[Round "8.5"]
[White "Schmeing, Manfred"]
[Black "Junker, Axel"]
[Result "0-1"]
[WhiteElo "1765"]
[BlackElo "1873"]
[PlyCount "82"]
[EventDate "2016.09.10"]
[EventType "team"]
[EventRounds "9"]
[EventCountry "GER"]
[SourceTitle "EXT 2018"]
[Source "ChessBase"]
[SourceDate "2017.10.13"]
[SourceVersion "1"]
[SourceVersionDate "2017.10.13"]
[SourceQuality "1"]
[WhiteTeam "Suedlohn II"]
[BlackTeam "Telgte"]
[WhiteTeamCountry "GER"]
[BlackTeamCountry "GER"]

1. e4 c5 2. Nc3 Nc6 3. g3 g6 4. Bg2 Bg7 5. d3 d6 6. f4 e6 7. Nf3 Nge7 8. 0-0 Rb8 9. Rb1 b5 10. Be3 Nd4 11. Ne2 Nec6 12. c3 Nxf3+ 13. Bxf3 Bb7 14. d4 cxd4 15. Nxd4 a6 16. a3 Na5 17. Bf2 0-0 18. h4 e5 19. Nc2 Re8 20. f5 gxf5 21. exf5 e4 22. Bg2 Nc4 23. Bd4 Bxd4+ 24. Qxd4 Qb6 25. Qxb6 Nxb6 26. Ne3 Nc4 27. Nxc4 bxc4 28. Rfe1 Bc6 29. Re2 d5 30. Rd1 f6 31. g4 Re5 32. Kf2 h5 33. Bh3 hxg4 34. Bxg4 Bd7 35. Kg3 Bxf5 36. Rf1 Bxg4 37. Kxg4 Kf7 38. Rf5 Rg8+ 39. Kf4 Ke6 40. Rxe5+ fxe5+ 41. Ke3 Rg3+ 0-1

[Event "Muensterland Verbandsklasse 1516"]
[Site "Germany"]
[Date "2016.05.28"]
[Round "9.4"]
[White "Schmeing, Manfred"]
[Black "Kloster, Daniel"]
[Result "1-0"]
[WhiteElo "1746"]
[BlackElo "1756"]
[PlyCount "59"]
[EventDate "2015.09.19"]
[EventType "team"]
[EventRounds "9"]
[EventCountry "GER"]
[SourceTitle "EXT 2017"]
[Source "ChessBase"]
[SourceDate "2016.10.25"]
[SourceVersion "1"]
[SourceVersionDate "2016.10.25"]
[SourceQuality "1"]
[WhiteTeam "Suedlohn II"]
[BlackTeam "Stadtlohn"]
[WhiteTeamCountry "GER"]
[BlackTeamCountry "GER"]

1. e4 e6 2. d4 d5 3. e5 c5 4. c3 Nc6 5. Nf3 Qb6 6. a3 Bd7 7. b4 c4 8. a4 Nge7 9. g4 f5 10. g5 g6 11. h4 h5 12. gxh6 Bxh6 13. Bxh6 Rxh6 14. Qd2 Rh7 15. Na3 a6 16. Bxc4 dxc4 17. Nxc4 Qc7 18. Nd6+ Kf8 19. Qg5 Nd8 20. Kd2 Bc6 21. Qf6+ Kg8 22. Ng5 Rg7 23. Nxe6 Nxe6 24. Qxe6+ Kh7 25. h5 Bxh1 26. hxg6+ Kh6 27. Rxh1+ Kg5 28. Qf6+ Kg4 29. Qh4+ Kf3 30. Qg3# 1-0

[Event "Muensterland Verbandsklasse 1516"]
[Site "Germany"]
[Date "2016.02.20"]
[Round "6.5"]
[White "Schmeing, Manfred"]
[Black "Suer, Julian"]
[Result "1-0"]
[WhiteElo "1746"]
[BlackElo "1727"]
[PlyCount "83"]
[EventDate "2015.09.19"]
[EventType "team"]
[EventRounds "9"]
[EventCountry "GER"]
[SourceTitle "EXT 2017"]
[Source "ChessBase"]
[SourceDate "2016.10.25"]
[SourceVersion "1"]
[SourceVersionDate "2016.10.25"]
[SourceQuality "1"]
[WhiteTeam "Suedlohn II"]
[BlackTeam "Raesfeld Erle II"]
[WhiteTeamCountry "GER"]
[BlackTeamCountry "GER"]

1. e4 d5 2. exd5 Nf6 3. d4 Nxd5 4. c4 Nb6 5. Nf3 g6 6. h3 Bg7 7. Nc3 0-0 8. Be3 Nc6 9. Qd2 Re8 10. Be2 e5 11. d5 Ne7 12. 0-0 Nf5 13. Rad1 Nxe3 14. Qxe3 f5 15. c5 Nd7 16. b4 f4 17. Qd3 Nf6 18. Nd2 Bf5 19. Nde4 Nxe4 20. Nxe4 Qh4 21. Bf3 a6 22. Qe2 Rad8 23. Bg4 Kh8 24. d6 c6 25. a4 Rd7 26. Bf3 Qd8 27. b5 axb5 28. axb5 Qc8 29. b6 Qd8 30. Ra1 Be6 31. Ra7 Bd5 32. Rfa1 Qh4 33. Bg4 Be6 34. Bxe6 Rxe6 35. Ra8+ Rd8 36. Qg4 Bf6 37. Rxd8+ Bxd8 38. Qxe6 f3 39. gxf3 Kg7 40. Ra7 Kh6 41. Rxb7 Bc7 42. Qg4 1-0

[Event "Muensterland Verbandsklasse 1415"]
[Site "Germany"]
[Date "2015.04.25"]
[Round "9.3"]
[White "Beckmann, David"]
[Black "Schmeing, Manfred"]
[Result "1-0"]
[WhiteElo "1947"]
[BlackElo "1725"]
[PlyCount "105"]
[EventDate "2014.09.13"]
[EventType "team-tourn"]
[EventRounds "9"]
[EventCountry "GER"]
[SourceTitle "EXT 2016"]
[Source "ChessBase"]
[SourceDate "2015.10.08"]
[SourceVersion "1"]
[SourceVersionDate "2015.10.08"]
[SourceQuality "1"]
[WhiteTeam "Borken"]
[BlackTeam "Suedlohn II"]
[WhiteTeamCountry "GER"]
[BlackTeamCountry "GER"]

1. d4 Nf6 2. Nf3 g6 3. g3 Bg7 4. Bg2 0-0 5. 0-0 d6 6. c4 Nbd7 7. Nc3 e5 8. e4 c6 9. h3 Qb6 10. b3 Re8 11. dxe5 dxe5 12. Be3 Qb4 13. Qc2 Qe7 14. Na4 b6 15. c5 b5 16. Nb2 Bb7 17. a4 a6 18. axb5 axb5 19. b4 h6 20. Nd2 Nf8 21. Nb3 Ne6 22. Rxa8 Bxa8 23. Rd1 Rd8 24. Rxd8+ Qxd8 25. Qd3 Qxd3 26. Nxd3 Nd7 27. Na5 g5 28. Kf1 Kf8 29. Ke2 Ke8 30. Kd2 f6 31. f4 Nb8 32. h4 Nd8 33. fxg5 hxg5 34. hxg5 fxg5 35. Bxg5 Ne6 36. Be3 Ke7 37. Bh3 Kf6 38. Ke2 Bf8 39. Bf5 Be7 40. Kf3 Bd8 41. Nb3 Bc7 42. Kg4 Nd7 43. Nd2 Ndf8 44. Nf3 Bb7 45. Kh3 Nd7 46. g4 Nef8 47. g5+ Kg7 48. Bd2 Bc8 49. Bc3 Ng6 50. Kg4 Kf7 51. Kh5 Nf4+ 52. Nxf4 exf4 53. Kh6 1-0

[Event "Muensterland Verbandsklasse 1314"]
[Site "Germany"]
[Date "2013.11.23"]
[Round "3.7"]
[White "Schmeing, Manfred"]
[Black "Miemietz, Carsten"]
[Result "1/2-1/2"]
[WhiteElo "1728"]
[BlackElo "1674"]
[PlyCount "98"]
[EventDate "2013.09.21"]
[EventType "team-tourn"]
[EventRounds "9"]
[EventCountry "GER"]
[SourceTitle "EXT 2015"]
[Source "ChessBase"]
[SourceDate "2014.11.20"]
[SourceVersion "1"]
[SourceVersionDate "2014.11.20"]
[SourceQuality "1"]
[WhiteTeam "Suedlohn II"]
[BlackTeam "Muenster SK IV"]
[WhiteTeamCountry "GER"]
[BlackTeamCountry "GER"]

1. e4 c5 2. Nc3 Nc6 3. g3 e6 4. Bg2 Be7 5. Nge2 Nf6 6. 0-0 0-0 7. d4 cxd4 8. Nxd4 a6 9. a4 Qb6 10. Nb3 Rd8 11. a5 Qc7 12. Be3 Re8 13. Bb6 Qb8 14. f4 d6 15. Qe2 Nd7 16. Na4 Nxb6 17. Nxb6 Qa7 18. Kh1 Rb8 19. Nd2 Rd8 20. c3 Bd7 21. Nxd7 Rxd7 22. Nc4 Qc5 23. Rf2 Rc7 24. f5 e5 25. Ne3 f6 26. Nd5 Rd7 27. g4 Rf8 28. h4 Bd8 29. b4 Qa7 30. Bf1 Ne7 31. Nxe7+ Rxe7 32. Qf3 Rc7 33. Rg2 Rc6 34. g5 Qb8 35. Be2 Qc8 36. c4 b5 37. cxb5 axb5 38. Bxb5 Rc3 39. Qg4 Rc1+ 40. Rxc1 Qxc1+ 41. Rg1 Qa3 42. Bc4+ Kh8 43. a6 fxg5 44. hxg5 Bb6 45. Rd1 Qxb4 46. Bd5 Qa3 47. f6 Qxa6 48. Qd7 gxf6 49. Qxd6 Qc8 1/2-1/2

[Event "Muensterland Verbandsklasse-B 1213"]
[Site "Germany"]
[Date "2012.12.15"]
[Round "4.7"]
[White "Frieske, Hilmar"]
[Black "Schmeing, Manfred"]
[Result "1-0"]
[WhiteElo "1578"]
[BlackElo "1724"]
[PlyCount "51"]
[EventDate "2012.09.15"]
[EventType "team-tourn"]
[EventRounds "9"]
[EventCountry "GER"]
[SourceTitle "EXT 2015"]
[Source "ChessBase"]
[SourceDate "2014.11.20"]
[SourceVersion "1"]
[SourceVersionDate "2014.11.20"]
[SourceQuality "1"]
[WhiteTeam "Gescher"]
[BlackTeam "Suedlohn II"]
[WhiteTeamCountry "GER"]
[BlackTeamCountry "GER"]

1. e4 c5 2. Nf3 a6 3. d4 cxd4 4. Nxd4 Nf6 5. Nc3 e5 6. Nf3 Bb4 7. Qd3 Nc6 8. Bd2 0-0 9. Be2 h6 10. 0-0 Nh5 11. Nd5 Bxd2 12. Qxd2 Nf6 13. Nxf6+ Qxf6 14. Rad1 Re8 15. Bc4 b5 16. Bd5 Bb7 17. Rfe1 Rab8 18. Re3 g5 19. Nxg5 hxg5 20. Rf3 Qg6 21. Bxf7+ Qxf7 22. Rxf7 Kxf7 23. Qxg5 Nd4 24. Qh5+ Ke6 25. c3 Bxe4 26. cxd4 1-0

[Event "Muensterland Verbandsklasse-A 1112"]
[Site "Germany"]
[Date "2012.02.11"]
[Round "6.6"]
[White "Schmeing, Manfred"]
[Black "Zimmermann, Markus"]
[Result "1/2-1/2"]
[WhiteElo "1721"]
[BlackElo "1610"]
[PlyCount "65"]
[EventDate "2011.09.17"]
[EventType "team-tourn"]
[EventRounds "9"]
[EventCountry "GER"]
[SourceTitle "EXT 2013"]
[Source "ChessBase"]
[SourceDate "2012.11.22"]
[SourceVersion "1"]
[SourceVersionDate "2012.11.22"]
[SourceQuality "1"]
[WhiteTeam "Suedlohn II"]
[BlackTeam "Ostbevern Westbevern II"]
[WhiteTeamCountry "GER"]
[BlackTeamCountry "GER"]

1. e4 Nf6 2. Nc3 d6 3. d4 g6 4. Bc4 Bg7 5. f4 0-0 6. Nf3 Nbd7 7. e5 dxe5 8. fxe5 Ng4 9. e6 Nb6 10. exf7+ Kh8 11. Bb3 e6 12. Ng5 e5 13. d5 h5 14. 0-0 Bh6 15. Nce4 Bf5 16. h3 Bxe4 17. Nxe4 Be3+ 18. Kh1 Qh4 19. Bxe3 Nxe3 20. Qf3 Nxf1 21. Rxf1 Nd7 22. d6 cxd6 23. Nxd6 b6 24. Be6 Nc5 25. Bd5 Rad8 26. Ne8 e4 27. Qe3 Kh7 28. Qc3 Rdxe8 29. fxe8Q Rxf1+ 30. Kh2 Qf4+ 31. Qg3 Rh1+ 32. Kxh1 Qxg3 33. Qf7+ 1/2-1/2

[Event "Muensterland Verbandsklasse-A 1112"]
[Site "Germany"]
[Date "2011.11.12"]
[Round "3.7"]
[White "Cigelski, Rudolf"]
[Black "Schmeing, Manfred"]
[Result "1-0"]
[WhiteElo "1798"]
[BlackElo "1721"]
[PlyCount "95"]
[EventDate "2011.09.17"]
[EventType "team-tourn"]
[EventRounds "9"]
[EventCountry "GER"]
[SourceTitle "EXT 2013"]
[Source "ChessBase"]
[SourceDate "2012.11.22"]
[SourceVersion "1"]
[SourceVersionDate "2012.11.22"]
[SourceQuality "1"]
[WhiteTeam "Telgte"]
[BlackTeam "Suedlohn II"]
[WhiteTeamCountry "GER"]
[BlackTeamCountry "GER"]

1. e4 c5 2. f4 Nc6 3. Nf3 g6 4. d4 cxd4 5. Nxd4 Bg7 6. c3 a6 7. Be3 e6 8. Bd3 d5 9. exd5 Qxd5 10. Nf3 Nge7 11. Qc2 0-0 12. Bb6 Bh6 13. Be4 Qb5 14. Qf2 Nd5 15. Bxd5 exd5 16. Na3 Re8+ 17. Ne5 Nxe5 18. Nxb5 Nd3+ 19. Kf1 Nxf2 20. Nc7 Nxh1 21. Nxe8 Bf5 22. Nf6+ Kh8 23. Nxd5 Re8 24. Rd1 Bg7 25. Nc7 Rc8 26. Kg1 Ng3 27. hxg3 Kg8 28. Nd5 Re8 29. Kf2 h5 30. Ne3 Be6 31. a4 Bb3 32. Rd7 Bxa4 33. Rxb7 Rc8 34. f5 Bb5 35. g4 Bh6 36. Nd5 Bf8 37. fxg6 Bc5+ 38. Bxc5 Rxc5 39. Nf6+ Kg7 40. gxf7 Rc8 41. Nxh5+ Kg6 42. Nf4+ Kf6 43. g5+ Kf5 44. Rxb5+ axb5 45. g6 Kf6 46. Nd5+ Kg7 47. Nf4 Kf6 48. Ke3 1-0

[Event "Muensterland Verbandsklasse-A 1011"]
[Site "Germany"]
[Date "2011.02.19"]
[Round "7.8"]
[White "Schmeing, Manfred"]
[Black "Schmidt, Frank1"]
[Result "1/2-1/2"]
[WhiteElo "1743"]
[BlackElo "1550"]
[PlyCount "36"]
[EventDate "2010.09.18"]
[EventType "team-tourn"]
[EventRounds "9"]
[EventCountry "GER"]
[SourceTitle "EXT 2012"]
[Source "ChessBase"]
[SourceDate "2011.11.24"]
[SourceVersion "1"]
[SourceVersionDate "2011.11.24"]
[SourceQuality "1"]
[WhiteTeam "Suedlohn II"]
[BlackTeam "Emsdetten Rochade"]
[WhiteTeamCountry "GER"]
[BlackTeamCountry "GER"]

1. e4 c5 2. Nc3 Nc6 3. f4 d6 4. Bc4 Nf6 5. h3 a6 6. a4 e5 7. f5 h5 8. Nf3 Nxe4 9. Bxf7+ Kxf7 10. Nxe4 Bxf5 11. d3 Bxe4 12. dxe4 Be7 13. Qd5+ Ke8 14. 0-0 Kd7 15. h4 Qg8 16. Nxe5+ Nxe5 17. Qxb7+ Ke6 18. Qd5+ Kd7 1/2-1/2

[Event "Muensterland Verbandsklasse-A 1011"]
[Site "Germany"]
[Date "2010.10.09"]
[Round "2.8"]
[White "Pinno, Gregor"]
[Black "Schmeing, Manfred"]
[Result "1/2-1/2"]
[WhiteElo "1776"]
[BlackElo "1743"]
[PlyCount "93"]
[EventDate "2010.09.18"]
[EventType "team-tourn"]
[EventRounds "9"]
[EventCountry "GER"]
[SourceTitle "EXT 2012"]
[Source "ChessBase"]
[SourceDate "2011.11.24"]
[SourceVersion "1"]
[SourceVersionDate "2011.11.24"]
[SourceQuality "1"]
[WhiteTeam "Olfen"]
[BlackTeam "Suedlohn II"]
[WhiteTeamCountry "GER"]
[BlackTeamCountry "GER"]

1. Nf3 g6 2. g3 Bg7 3. Bg2 c5 4. 0-0 d5 5. d3 Nc6 6. Nbd2 e5 7. e4 d4 8. Ne1 Nge7 9. f4 f5 10. Nef3 0-0 11. fxe5 Nxe5 12. Nxe5 Bxe5 13. Nf3 Bg7 14. e5 Nd5 15. Bf4 a5 16. Qd2 Ra6 17. Rae1 b5 18. Bg5 Qd7 19. Re2 b4 20. Ra1 Re8 21. a4 Rae6 22. Bf4 Bb7 23. b3 Nc3 24. Ree1 Bxf3 25. Bxf3 Bxe5 26. Bg5 Bf6 27. Bf4 Be5 28. Bg5 Nd5 29. Bxd5 Qxd5 30. Qg2 Qd7 31. Re2 Bf6 32. Rxe6 Qxe6 33. Bxf6 Qxf6 34. Qd5+ Kg7 35. Kf2 Qe5 36. Qxe5+ Rxe5 37. Rf1 g5 38. Kf3 Kg6 39. Rf2 Re3+ 40. Kg2 h5 41. Kf1 Kf6 42. Kg2 Ke5 43. Kf1 Kf6 44. Kg2 Ke6 45. Kg1 Ke5 46. Kf1 Kf6 47. Kg2 1/2-1/2

[Event "Muensterland Verbandsklasse-B 0910"]
[Site "Germany"]
[Date "2009.11.21"]
[Round "3.8"]
[White "Schmeing, Manfred"]
[Black "Rolfing, Anton"]
[Result "1/2-1/2"]
[WhiteElo "1725"]
[BlackElo "1497"]
[PlyCount "34"]
[EventDate "2009.09.19"]
[EventType "team-tourn"]
[EventRounds "9"]
[EventCountry "GER"]
[SourceTitle "EXT 2011"]
[Source "ChessBase"]
[SourceDate "2010.11.26"]
[SourceVersion "1"]
[SourceVersionDate "2010.11.26"]
[SourceQuality "1"]
[WhiteTeam "Suedlohn II"]
[BlackTeam "Rheine Klein Berlin II"]
[WhiteTeamCountry "GER"]
[BlackTeamCountry "GER"]

1. e4 c5 2. Nc3 e6 3. g3 Nc6 4. Bg2 g6 5. f4 d6 6. Nf3 Bg7 7. 0-0 Nge7 8. d3 0-0 9. Qe1 a6 10. Rb1 Qc7 11. g4 Bd7 12. a3 Rac8 13. Ne2 Nd4 14. c3 Nxe2+ 15. Qxe2 f5 16. exf5 gxf5 17. g5 Ng6 1/2-1/2

[Event "Muensterland Verbandsklasse-B 0910"]
[Site "Germany"]
[Date "2009.10.24"]
[Round "2.8"]
[White "Sundorf, Jannik"]
[Black "Schmeing, Manfred"]
[Result "1/2-1/2"]
[WhiteElo "1710"]
[BlackElo "1725"]
[PlyCount "105"]
[EventDate "2009.09.19"]
[EventType "team-tourn"]
[EventRounds "9"]
[EventCountry "GER"]
[SourceTitle "EXT 2011"]
[Source "ChessBase"]
[SourceDate "2010.11.26"]
[SourceVersion "1"]
[SourceVersionDate "2010.11.26"]
[SourceQuality "1"]
[WhiteTeam "Muenster SK III"]
[BlackTeam "Suedlohn II"]
[WhiteTeamCountry "GER"]
[BlackTeamCountry "GER"]

1. d4 g6 2. e4 Bg7 3. Nc3 d6 4. Be2 Nd7 5. f4 e6 6. Nf3 Ne7 7. 0-0 0-0 8. Be3 d5 9. e5 a6 10. a4 b6 11. a5 b5 12. b4 Nc6 13. Na2 Qe7 14. Qd2 f6 15. c3 Qe8 16. Nc1 Ne7 17. Nd3 f5 18. Kf2 Nc6 19. Ke1 Nd8 20. Kd1 Nf7 21. Kc2 Nh6 22. h3 Qe7 23. Rg1 Kh8 24. g4 Bb7 25. g5 Nf7 26. h4 Rg8 27. h5 Bf8 28. Rh1 Kg7 29. Rh3 Qe8 30. Rah1 Rh8 31. Qe1 Be7 32. hxg6 hxg6 33. Rxh8 Nxh8 34. Qh4 Qg8 35. Qh6+ Kf7 36. Qh7+ Qg7 37. Nc5 Bxc5 38. dxc5 c6 39. Nd4 Re8 40. Kd2 Nb8 41. Nxe6 Rxe6 42. Qxh8 Qxh8 43. Rxh8 Nd7 44. Rh7+ Ke8 45. Rg7 Bc8 46. Rh7 Nf8 47. Ra7 Re7 48. Ra8 Kd8 49. Bxb5 axb5 50. a6 Ne6 51. a7 Rc7 52. Ke2 Kd7 53. Kd2 1/2-1/2

[Event "Muensterland Verbandsklasse-A 0809"]
[Site "Germany"]
[Date "2009.05.02"]
[Round "9.5"]
[White "Junker, Axel"]
[Black "Schmeing, Manfred"]
[Result "1-0"]
[WhiteElo "1799"]
[BlackElo "1759"]
[PlyCount "68"]
[EventDate "2008.09.13"]
[EventType "tourn"]
[EventRounds "9"]
[EventCountry "GER"]
[SourceTitle "EXT 2010"]
[Source "ChessBase"]
[SourceDate "2010.11.25"]
[SourceVersion "1"]
[SourceVersionDate "2010.11.25"]
[SourceQuality "1"]
[WhiteTeam "Telgte"]
[BlackTeam "Suedlohn II"]
[WhiteTeamCountry "GER"]
[BlackTeamCountry "GER"]

1. c4 g6 2. Nc3 Bg7 3. Nf3 d6 4. g3 b6 5. Bg2 Bb7 6. d4 Nd7 7. 0-0 e5 8. d5 Ne7 9. e4 h6 10. Be3 0-0 11. Qd2 Kh7 12. Nh4 Ba6 13. b3 Bc8 14. Rac1 f5 15. f4 exf4 16. gxf4 Nc5 17. e5 dxe5 18. d6 cxd6 19. Bxa8 e4 20. Ng2 Nd3 21. Rcd1 Be6 22. Bb7 Qc7 23. Ba6 Bxc3 24. Qxc3 d5 25. Ne1 dxc4 26. Nxd3 exd3 27. Rxd3 Nd5 28. Qxc4 Qe7 29. Bf2 g5 30. Rxd5 gxf4 31. Qd4 Qg5+ 32. Kh1 Qg4 33. Rd7+ Bxd7 34. Qxd7+ Kh8 1-0

[Event "Muensterland Verbandsklasse-A 0809"]
[Site "Germany"]
[Date "2009.03.28"]
[Round "8.7"]
[White "Schmeing, Manfred"]
[Black "Goihl, Herbert"]
[Result "1/2-1/2"]
[WhiteElo "1759"]
[BlackElo "1663"]
[PlyCount "21"]
[EventDate "2008.09.13"]
[EventType "tourn"]
[EventRounds "9"]
[EventCountry "GER"]
[SourceTitle "EXT 2010"]
[Source "ChessBase"]
[SourceDate "2010.11.25"]
[SourceVersion "1"]
[SourceVersionDate "2010.11.25"]
[SourceQuality "1"]
[WhiteTeam "Suedlohn II"]
[BlackTeam "Emsdetten Rochade"]
[WhiteTeamCountry "GER"]
[BlackTeamCountry "GER"]

1. e4 c5 2. Nc3 Nc6 3. g3 g6 4. Bg2 Bg7 5. d3 d6 6. f4 e6 7. Nf3 Nge7 8. 0-0 Rb8 9. Rb1 b5 10. Be3 0-0 11. e5 1/2-1/2

[Event "Muensterland Verbandsklasse-B 0708"]
[Site "Germany"]
[Date "2008.05.17"]
[Round "9.4"]
[White "Schmeing, Manfred"]
[Black "Ringwelski, Marius"]
[Result "0-1"]
[WhiteElo "1788"]
[BlackElo "2023"]
[PlyCount "50"]
[EventDate "2007.09.15"]
[EventType "team-tourn"]
[EventRounds "9"]
[EventCountry "GER"]
[SourceTitle "EXT 2009"]
[Source "ChessBase"]
[SourceDate "2008.11.26"]
[SourceVersion "1"]
[SourceVersionDate "2008.11.26"]
[SourceQuality "1"]
[WhiteTeam "Suedlohn II"]
[BlackTeam "Sendenhorst"]
[WhiteTeamCountry "GER"]
[BlackTeamCountry "GER"]

1. e4 c5 2. Nc3 Nc6 3. g3 e6 4. Bg2 h5 5. h4 Nf6 6. d3 d5 7. Bg5 d4 8. Nce2 Qb6 9. b3 a5 10. a4 e5 11. Bxf6 gxf6 12. f4 f5 13. Nf3 fxe4 14. dxe4 Bg4 15. Nh2 0-0-0 16. Nxg4 hxg4 17. Nc1 exf4 18. Qxg4+ Kb8 19. gxf4 Qb4+ 20. Kd1 c4 21. Qe2 d3 22. cxd3 cxd3 23. Qd2 Qd4 24. Rb1 Bb4 25. Qxd3 Qc3 0-1

[Event "Muensterland Verbandsklasse-B 0708"]
[Site "Germany"]
[Date "2007.10.20"]
[Round "2.4"]
[White "Luft, Waldemar"]
[Black "Schmeing, Manfred"]
[Result "1-0"]
[WhiteElo "1879"]
[BlackElo "1788"]
[PlyCount "57"]
[EventDate "2007.09.15"]
[EventType "team-tourn"]
[EventRounds "9"]
[EventCountry "GER"]
[SourceTitle "EXT 2009"]
[Source "ChessBase"]
[SourceDate "2008.11.26"]
[SourceVersion "1"]
[SourceVersionDate "2008.11.26"]
[SourceQuality "1"]
[WhiteTeam "Nienberge"]
[BlackTeam "Suedlohn II"]
[WhiteTeamCountry "GER"]
[BlackTeamCountry "GER"]

1. e4 g6 2. d4 Bg7 3. c3 d6 4. f4 Nd7 5. Nf3 e5 6. Bc4 h6 7. fxe5 dxe5 8. dxe5 Bxe5 9. Bxf7+ Kxf7 10. Qd5+ Kg7 11. Nxe5 Qe7 12. Nxd7 Bxd7 13. 0-0 Nf6 14. Rxf6 Kxf6 15. Be3 Be6 16. Bd4+ Kf7 17. Qe5 Rh7 18. Nd2 b6 19. Rf1+ Ke8 20. Rf6 Kd7 21. Qb5+ c6 22. Qa6 Ke8 23. e5 Rd8 24. Ne4 Bc8 25. Qc4 c5 26. Qg8+ Kd7 27. Qc4 Ke8 28. Nd6+ Kd7 29. Qa4+ 1-0

[Event "Muensterland Verbandsklasse-B 0607"]
[Site "Germany"]
[Date "2007.05.12"]
[Round "9.7"]
[White "Schmeing, Manfred"]
[Black "Boshe Plois, Stefan"]
[Result "1-0"]
[WhiteElo "1737"]
[BlackElo "1669"]
[PlyCount "67"]
[EventDate "2006.09.23"]
[EventType "team-tourn"]
[EventRounds "9"]
[EventCountry "GER"]
[SourceTitle "EXT 2008"]
[Source "ChessBase"]
[SourceDate "2007.11.25"]
[SourceVersion "1"]
[SourceVersionDate "2007.11.25"]
[SourceQuality "1"]
[WhiteTeam "Suedlohn II"]
[BlackTeam "Ochtrup"]
[WhiteTeamCountry "GER"]
[BlackTeamCountry "GER"]

1. e4 c5 2. Nc3 d6 3. g3 Nf6 4. Bg2 Nc6 5. d3 g6 6. f4 Bg7 7. Nf3 0-0 8. 0-0 Rb8 9. h3 b5 10. g4 c4 11. Ne2 Qb6+ 12. Kh1 b4 13. Ng3 Ba6 14. Re1 Rfc8 15. d4 Nd7 16. Be3 Qc7 17. h4 e5 18. d5 Ne7 19. f5 Nc5 20. h5 Bb5 21. Nh4 a5 22. hxg6 hxg6 23. g5 gxf5 24. Nhxf5 Ng6 25. Nxg7 Kxg7 26. Nf5+ Kf8 27. Qh5 Nd7 28. Bh3 Rd8 29. Qh7 Ke8 30. Qg8+ Ndf8 31. Ng7+ Ke7 32. Rf1 Be8 33. Nf5+ Kd7 34. Nh6+ 1-0